Statistics for Countries of the World Quiz(Twist)

Click here to take the quiz!

General Stats

  • This quiz has been taken 15 times
  • The average score is 161 of 173

Answers on the Map

Answers color-coded by a green-red scale on the quiz's map according to % correct below.
 

Answer Stats

Country% Correct
Algeria
100%
Australia
100%
Belarus
100%
Bulgaria
100%
Canada
100%
Chad
100%
Cuba
100%
France
100%
Germany
100%
Guinea
100%
Mexico
100%
New Zealand
100%
Niger
100%
Nigeria
100%
Papua New Guinea
100%
Philippines
100%
Poland
100%
Romania
100%
Russia
100%
Ukraine
100%
United Kingdom
100%
United States
100%
Afghanistan
93%
Andorra
93%
Angola
93%
Argentina
93%
Armenia
93%
Austria
93%
Azerbaijan
93%
Bahamas
93%
Bangladesh
93%
Belgium
93%
Belize
93%
Bolivia
93%
Bosnia and
Herzegovina
93%
Brazil
93%
Burkina Faso
93%
Cambodia
93%
Cameroon
93%
Cape Verde
93%
Central African Republic
93%
Chile
93%
China
93%
Colombia
93%
Costa Rica
93%
Croatia
93%
Cyprus
93%
Czech Republic
93%
Democratic Republic
of the Congo
93%
Denmark
93%
Dominican Republic
93%
Ecuador
93%
Egypt
93%
El Salvador
93%
Estonia
93%
Eswatini
93%
Ethiopia
93%
Finland
93%
Gambia
93%
Greece
93%
Guinea-Bissau
93%
Guyana
93%
Haiti
93%
Honduras
93%
Hungary
93%
Iceland
93%
India
93%
Indonesia
93%
Iran
93%
Iraq
93%
Ireland
93%
Israel
93%
Italy
93%
Ivory Coast
93%
Jamaica
93%
Japan
93%
Jordan
93%
Kazakhstan
93%
Kenya
93%
Kosovo
93%
Kuwait
93%
Kyrgyzstan
93%
Laos
93%
Latvia
93%
Lebanon
93%
Lesotho
93%
Liberia
93%
Libya
93%
Liechtenstein
93%
Lithuania
93%
Luxembourg
93%
Madagascar
93%
Malaysia
93%
Maldives
93%
Mali
93%
Malta
93%
Mauritania
93%
Moldova
93%
Monaco
93%
Mongolia
93%
Morocco
93%
Mozambique
93%
Namibia
93%
Nepal
93%
Netherlands
93%
North Korea
93%
North Macedonia
93%
Norway
93%
Oman
93%
Pakistan
93%
Panama
93%
Paraguay
93%
Peru
93%
Portugal
93%
Qatar
93%
Rwanda
93%
San Marino
93%
Saudi Arabia
93%
Senegal
93%
Serbia
93%
Seychelles
93%
Sierra Leone
93%
Singapore
93%
Slovakia
93%
Slovenia
93%
Somalia
93%
South Africa
93%
South Korea
93%
South Sudan
93%
Spain
93%
Sri Lanka
93%
Sudan
93%
Suriname
93%
Sweden
93%
Switzerland
93%
Syria
93%
Taiwan
93%
Tajikistan
93%
Tanzania
93%
Thailand
93%
Tunisia
93%
Turkey
93%
Turkmenistan
93%
Uganda
93%
United Arab Emirates
93%
Uruguay
93%
Uzbekistan
93%
Venezuela
93%
Vietnam
93%
Yemen
93%
Zambia
93%
Zimbabwe
93%
Albania
86%
Bahrain
86%
Benin
86%
Bhutan
86%
Botswana
86%
Brunei
86%
Burundi
86%
Dominica
86%
Gabon
86%
Georgia
86%
Ghana
86%
Guatemala
86%
Montenegro
86%
Myanmar
86%
Nauru
86%
Nicaragua
86%
Republic of the Congo
86%
Togo
86%
Vatican City
86%
Malawi
79%
Tonga
79%

Score Distribution

Percentile by Number Answered

Percent of People with Each Score

Your Score History

You have not taken this quiz